000 00476nam a2200133Ia 4500
008 100328s9999 xx 000 0 und d
082 _b24678
100 _aपाटील शरद
245 _aदासशुद्रांची गुलामगिरी
260 _bप्राज्ञ
630 _aदासशुद्रांची गुलामगिरी
730 _aदासशुद्रांची गुलामगिरी
942 _cBOOK
999 _c517900
_d517897